000 00354nam a2200145Ia 4500
005 20260328101445.0
008 260328s9999||||xx |||||||||||||| ||und||
100 _aLevi-Strauss, Claude
245 0 _aLa vía de las máscaras /
_cClaude Levi-Strauss
250 _a1a ed.
260 _bSiglo Veintiuno
300 _a211 p.
650 _aARTE
942 _cBK
999 _c8436
_d8436